[Event "Moscow op 03rd"]
[Site "Moscow"]
[Date "2007.02.03"]
[Round "8"]
[White "Kosov, Ivan"]
[Black "Smirnov, Igor"]
[Result "1/2-1/2"]
[WhiteElo "2354"]
[BlackElo "2439"]
[PlyCount "50"]
[EventDate "2007.01.27"]
[EventType "swiss"]
[EventRounds "9"]
[EventCountry "RUS"]
[SourceTitle "CBM 116 Extra"]
[Source "ChessBase"]
[SourceDate "2007.03.07"]
[SourceVersion "1"]
[SourceVersionDate "2007.03.07"]
[SourceQuality "1"]

1. e4 c5 2. Nf3 e6 3. c4 Nc6 4. Nc3 Nf6 5. Be2 Qc7 6. 0-0 a6 7. a3 Bd6 8. g3 b6 9. d3 Bb7 10. Re1 0-0 11. Bf1 Be7 12. Bg2 Rfd8 13. Bf4 d6 14. Rb1 Nd7 15. Qd2 Nde5 16. h3 Nxf3+ 17. Bxf3 Bf6 18. Bg2 Rab8 19. b4 Nd4 20. Ne2 Bc6 21. Nxd4 Bxd4 22. Be3 Bxe3 23. Qxe3 e5 24. f4 Qe7 25. Rec1 Rdc8 1/2-1/2

[Event "Moscow op 03rd"]
[Site "Moscow"]
[Date "2007.01.31"]
[Round "5"]
[White "Smirnov, Igor"]
[Black "Kutuzov, Denis"]
[Result "0-1"]
[WhiteElo "2439"]
[BlackElo "2293"]
[PlyCount "80"]
[EventDate "2007.01.27"]
[EventType "swiss"]
[EventRounds "9"]
[EventCountry "RUS"]
[SourceTitle "CBM 116 Extra"]
[Source "ChessBase"]
[SourceDate "2007.03.07"]
[SourceVersion "1"]
[SourceVersionDate "2007.03.07"]
[SourceQuality "1"]

1. e4 e6 2. d4 d5 3. Nc3 Nf6 4. Bg5 dxe4 5. Nxe4 Be7 6. Bxf6 Bxf6 7. Nf3 0-0 8. Qd2 Be7 9. 0-0-0 Nd7 10. Bc4 a6 11. Bb3 a5 12. a3 c6 13. Ne5 Qc7 14. Qc3 Nxe5 15. dxe5 b5 16. a4 Rb8 17. Nd6 Qb6 18. f4 bxa4 19. Bxa4 Ba6 20. g3 Be2 21. Rd2 Bf3 22. Re1 Bd5 23. b3 f6 24. h4 fxe5 25. fxe5 Rf3 26. Rd3 Rxd3 27. Qxd3 Qb4 28. Rf1 Qa3+ 29. Kd2 Rd8 30. Rd1 Bxd6 31. exd6 Bc4 32. Qf3 Qxd6+ 33. Kc1 Qxd1+ 34. Qxd1 Rxd1+ 35. Kxd1 Bb5 36. Kd2 Bxa4 37. bxa4 Kf7 38. Kd3 h5 39. Kd4 Kf6 40. Ke4 e5 0-1